Wasifiyat واصفیات / (Record no. 592670)

000 -LEADER
fixed length control field 00338nam a22001217a 4500
003 - CONTROL NUMBER IDENTIFIER
control field NUST
082 ## - DEWEY DECIMAL CLASSIFICATION NUMBER
Classification number 891.4393,WAS
100 ## - MAIN ENTRY--PERSONAL NAME
Personal name Wasif, Wasif Ali
9 (RLIN) 15769
245 ## - TITLE STATEMENT
Title Wasifiyat واصفیات /
Statement of responsibility, etc. Wasif Ali Wasif
650 ## - SUBJECT ADDED ENTRY--TOPICAL TERM
Topical term or geographic name entry element Dil Darya Samandar. Harf Harf Haqeeqat.
9 (RLIN) 104712
651 ## - SUBJECT ADDED ENTRY--GEOGRAPHIC NAME
Geographic name Qatra Qatra Qulzum.
9 (RLIN) 104713
942 ## - ADDED ENTRY ELEMENTS (KOHA)
Source of classification or shelving scheme
Koha item type Book
Holdings
Withdrawn status Lost status Source of classification or shelving scheme Damaged status Not for loan Permanent Location Current Location Shelving location Date acquired Total Checkouts Full call number Barcode Date last seen Date last checked out Price effective from Koha item type Public note
          Military College of Signals (MCS) Military College of Signals (MCS) General Stacks 12/13/2022 3 891.4393,WAS MCS38424 11/21/2023 11/10/2023 12/13/2022 Book Almirah Fresh No.45, Shelf No.6
© 2023 Central Library, National University of Sciences and Technology. All Rights Reserved.